Etnicidad, migración y bienestar en el estado de Hidalgo /
Bienestar, etnicidad y migración constituyen tres categorías presentes en la realidad social de Hidalgo. Sus formas de manifestarse se observan en la calidad de vida, el componente étnico y el proceso migratorio de la población. En este libro el lector podrá adentrarse en diversos textos que ilustra...
Na minha lista:
| Autor principal: | |
|---|---|
| Outros Autores: | , |
| Formato: | Desconhecido |
| Idioma: | Spanish |
| Publicado em: |
México :
Universidad Autónoma del Estado de Hidalgo
|
| Assuntos: | |
| Tags: |
Adicionar Tag
Sem tags, seja o primeiro a adicionar uma tag!
|
MARC
| LEADER | 00000 a2200000 04500 | ||
|---|---|---|---|
| 001 | 39938 | ||
| 003 | cru CIDCACS/IIS | ||
| 005 | 20180519062530.0 | ||
| 007 | ta | ||
| 008 | 050630s2008 mx spa d | ||
| 020 | |a 9707691233 | ||
| 040 | |c cru CIDCACS/IIS | ||
| 090 | |a 14.07.01 O77e | ||
| 100 | |a Ortiz Lazcano, Assael |b coordinador | ||
| 245 | |a Etnicidad, migración y bienestar en el estado de Hidalgo / |c Assael Ortiz Lazcano , María Félix Quezada Ramírez | ||
| 260 | |a México : |b Universidad Autónoma del Estado de Hidalgo | ||
| 520 | |a Bienestar, etnicidad y migración constituyen tres categorías presentes en la realidad social de Hidalgo. Sus formas de manifestarse se observan en la calidad de vida, el componente étnico y el proceso migratorio de la población. En este libro el lector podrá adentrarse en diversos textos que ilustran y aplican los tres conceptos. Cada uno de los autores expresan una problemática social que conduce a un estado del arte, pero también a propuestas y retos para la política social. | ||
| 650 | 1 | 0 | |9 2964 |a GRUPOS ETNICOS |
| 650 | 1 | 0 | |9 533 |a CONDICIONES SOCIALES |
| 650 | 1 | 0 | |9 299 |a MIGRACION |
| 650 | 1 | 0 | |9 2965 |a ASPECTOS DEMOGRAFICOS |
| 651 | 1 | 0 | |a MEXICO |9 3410 |
| 700 | |a Quezada Ramírez, María Félix | ||
| 700 | |b coordinador | ||
| 942 | |2 ddc |c LI | ||
| 999 | |c 10850 |d 10850 | ||
